Grandeza y decadencia de los Mayas

Saved in:
Bibliographic Details
Main Author: Thompson, John Eric Sydney (Author)
Format: Book
Language:Spanish
Published: Ciudad de México Fondo de Cultura Económica 1984
Edition:3a. ed
Series:Sección de Obras de Antropología
Subjects:
Tags: Add Tag
No Tags, Be the first to tag this record!

MARC

LEADER 00000cam a2200000 a 4500
001 UCU5456
003 CL-VaPUC
008 960604e19840000MX |||||||||||||||||spa|d
020 |a 9789681605353 
082 0 4 |a 972.00497  |b THO  |2 21 
100 0 |a Thompson, John Eric Sydney  |e author  |9 363474 
245 1 0 |a Grandeza y decadencia de los Mayas 
250 |a 3a. ed 
300 |a 399 p 
942 |c BK 
945 |d 19960604 00:00:00  |a rbrito 
260 |a Ciudad de México  |b Fondo de Cultura Económica  |c 1984 
600 0 7 |a MAYAS  |2 CL-VaPUC  |9 351727 
650 0 |a Ciudades  |9 265474 
650 7 |a PUEBLOS PRECOLOMBINOS  |2 CL-VaPUC  |9 363475 
650 0 |a Creencia Religiosa  |9 316904 
650 0 |a Costumbres y tradiciones   |9 268292 
583 |a last modification  |c 20180403 03:43:56  |k Rodrigo Vera 
490 0 |a Sección de Obras de Antropología 
999 |c 248821  |d 248819 
952 |0 0  |1 0  |4 0  |6 972_004970000000000_THO_1984  |7 0  |8 A  |9 265692  |a BIBART  |b BIBART  |d 2019-11-19  |i 3206769  |o 972.00497 THO 1984  |p 3206769  |r 2025-03-13  |w 2019-11-19  |y BK  |k ART 
952 |0 0  |1 0  |4 0  |6 972_004970000000000_THO_1984  |7 0  |8 A  |9 265693  |a BIBHIS  |b BIBHIS  |d 2019-11-19  |i 4831098  |l 1  |o 972.00497 THO 1984  |p 4831098  |r 2025-01-20  |s 2023-11-08  |w 2019-11-19  |y BK  |k HIS